Basic & clinical immunology / (Record no. 3600)
[ view plain ]
| 000 -LEADER | |
|---|---|
| fixed length control field | 01310nac a22003491u 4500 |
| 010 ## - LIBRARY OF CONGRESS CONTROL NUMBER | |
| LC control number | 86645486 |
| 022 0# - INTERNATIONAL STANDARD SERIAL NUMBER | |
| International Standard Serial Number | 0891-2076 |
| 035 ## - SYSTEM CONTROL NUMBER | |
| System control number | (OCoLC)ocm09543694 |
| 082 10 - DEWEY DECIMAL CLASSIFICATION NUMBER | |
| Classification number | 616 |
| Item number | St59 |
| 090 ## - LOCALLY ASSIGNED LC-TYPE CALL NUMBER (OCLC); LOCAL CALL NUMBER (OCLC) | |
| -- | 3600 |
| -- | 3600 |
| 100 ## - MAIN ENTRY--PERSONAL NAME | |
| Personal name | Stites, D.P. |
| 245 00 - TITLE STATEMENT | |
| Title | Basic & clinical immunology / |
| Statement of responsibility, etc | D.P.Stites...[et.al] |
| 246 1# - VARYING FORM OF TITLE | |
| Title proper/short title | Basic and clinical immunology |
| 260 ## - PUBLICATION, DISTRIBUTION, ETC. (IMPRINT) | |
| Place of publication, distribution, etc | Los Altos, Calif. : |
| Name of publisher, distributor, etc | Lange Medical Publications, |
| Date of publication, distribution, etc | c1976- |
| 300 ## - PHYSICAL DESCRIPTION | |
| Extent | v. : |
| Other physical details | ill. ; |
| Dimensions | 26 cm. |
| 490 1# - Series Statement | |
| Series statement | 1976-1984: A Concise medical library for practitioner and student |
| 500 ## - GENERAL NOTE | |
| General note | "A LANGE medical book," 1987- |
| 500 ## - GENERAL NOTE | |
| General note | Editors: 1st-4th ed., H. Hugh Fudenberg and Daniel P. Stites. |
| 500 ## - GENERAL NOTE | |
| General note | Donations. |
| 500 ## - GENERAL NOTE | |
| General note | Donations - Bibliotheca Alexandrina. |
| 650 #0 - SUBJECT ADDED ENTRY--TOPICAL TERM | |
| Topical term or geographic name as entry element | Immunologic diseases. |
| 650 #0 - SUBJECT ADDED ENTRY--TOPICAL TERM | |
| Topical term or geographic name as entry element | Immunology. |
| 650 #0 - SUBJECT ADDED ENTRY--TOPICAL TERM | |
| Topical term or geographic name as entry element | Allergy and Immunology |
| General subdivision | periodicals. |
| 650 #0 - SUBJECT ADDED ENTRY--TOPICAL TERM | |
| Topical term or geographic name as entry element | Cells |
| General subdivision | immunology |
| -- | periodicals. |
| 650 #0 - SUBJECT ADDED ENTRY--TOPICAL TERM | |
| Topical term or geographic name as entry element | Immunity |
| General subdivision | periodicals. |
| 650 #0 - SUBJECT ADDED ENTRY--TOPICAL TERM | |
| Topical term or geographic name as entry element | Immunologic Diseases |
| General subdivision | periodicals. |
| 700 1# - ADDED ENTRY--PERSONAL NAME | |
| Personal name | Fudenberg, H. Hugh, |
| Dates associated with a name | 1928- |
| 700 1# - ADDED ENTRY--PERSONAL NAME | |
| Personal name | Stites, Daniel P., |
| Dates associated with a name | 1938- |
| 830 #0 - SERIES ADDED ENTRY--UNIFORM TITLE | |
| Uniform title | Concise medical library for practitioner and student. |
| 942 ## - ADDED ENTRY ELEMENTS (KOHA) | |
| Item type | Book - Borrowing |
| Call number prefix | 616St59 |
| Withdrawn status | Item status | Source of classification or shelving scheme | Damaged status | Not for loan | Home library | Current library | Shelving location | Date acquired | Source of acquisition | Total Checkouts | Total Renewals | Full call number | Barcode | Checked out | Date last seen | Date last borrowed | Koha item type |
|---|---|---|---|---|---|---|---|---|---|---|---|---|---|---|---|---|---|
| Dewey Decimal Classification | Central Library | Central Library | First floor | 30/04/2007 | Purchase | 4 | 104 | 616 STI | 000030282 | 18/05/2026 | 22/10/2024 | 22/10/2024 | Book - Borrowing |